000 00992nam a22002777a 4500
003 AUA.1
005 20240112082745.0
008 111222t xxu||||| |||| 00| 0 eng d
010 _a8171768
020 _a9780849902017
040 _cF
050 _aBS 491.2
_b.W67 1994
100 _aWenham, Gordon J.
_918357
245 _aWord Biblical commentary :
_bGenesis 16-50 /
_cGordon Wenham
260 _aDallas, Tex.,
_bWord Books,
_cc 1994
300 _axxxviii, 517 p. :
_c24 cm
440 _aWord Biblical commentary
_nv. 2
_948877
504 _aInclude bibliography and index.
650 _aWord Biblical commentary:
_vGenesis 16-50
_xBible
_ycommentaries
_918358
650 _vBible
_xStudy and interpretation of the Old Testament
700 _aHubbard, David A.
_4General ed.
_948847
700 _aBarker, Glenn W.
_4General ed.
_948848
700 _aWatts, John D.
700 _aMartin, Ralph P.
_4 New Testament ed.
_948850
942 _2lcc
_cREF
_hBS 491.2
_i.W67 1994
999 _c24112
_d24112